| 000 | 00366 a2200157 4500 | ||
|---|---|---|---|
| 001 | 74917 | ||
| 020 | _a851603481-x | ||
| 040 | _cAnchieta - Colégio São Paulo | ||
| 100 | _aMachado, Ana Maria | ||
| 240 | 1 | 0 |
_aRaul da ferrugem azul _lpor |
| 245 | 1 | 0 | _aRaul da ferrugem azul |
| 300 | _a64 | ||
| 362 | 0 | _a2009 | |
| 650 | 4 | _aLiteratura infanto-juvenil | |
| 942 | _cBK | ||
| 999 |
_c74917 _d74917 |
||